What every Jehovah's Witness should know. (Record no. 13164)

000 -LEADER
fixed length control field 00591nam a2200193 a 4500
001 - CONTROL NUMBER
control field :::00010982$&:&@@
003 - CONTROL NUMBER IDENTIFIER
control field OkBaRHE
005 - DATE AND TIME OF LATEST TRANSACTION
control field 20000607103404.0
008 - FIXED-LENGTH DATA ELEMENTS--GENERAL INFORMATION
fixed length control field s1978 j 000 0 eng u
040 ## - CATALOGING SOURCE
Transcribing agency
100 1# - MAIN ENTRY--PERSONAL NAME
Personal name Bowser, Arthur M.
245 10 - TITLE STATEMENT
Title What every Jehovah's Witness should know.
260 ## - PUBLICATION, DISTRIBUTION, ETC. (IMPRINT)
Place of publication, distribution, etc Denver, CO., :
Name of publisher, distributor, etc Accent Books
Date of publication, distribution, etc c1978
300 ## - PHYSICAL DESCRIPTION
Extent 64 p. ;
Dimensions 15 cm.
650 ## - SUBJECT ADDED ENTRY--TOPICAL TERM
Topical term or geographic name as entry element Jehovah's Witnesses
650 ## - SUBJECT ADDED ENTRY--TOPICAL TERM
Topical term or geographic name as entry element Witness Bearing (Christianity)
942 ## - ADDED ENTRY ELEMENTS (KOHA)
Source of classification or shelving scheme
Koha item type Books
Copies
Koha item type Not for loan Lost status Damaged status Price effective from Copy number Barcode Date acquired Full call number Date last seen Withdrawn status Permanent Location Source of classification or shelving scheme Shelving location
Books   2010-04-141109822010-04-14BV 4520 .B62010-04-14 RHEMA Bible Training College General Stacks